000
00298nam a2200109Ia 4500
008
230907s9999||||xx |||||||||||||| ||und||
082
_a
361.320973
_b
SOC
245
0
_a
Social work fields of practice :
260
_a
John Wiley & Sons,
_b
Hoboken, N.J. :
_c
2012
300
_a
xix, 412 p. ;
942
_c
BK
999
_c
599106
_d
599106